Historia de España / dirigida por el profesor Manuel Tuñon de Lara...
Descripción Física:
12 v. ; 22 cm
Otros Autores:
Tuñón de Lara, Manuel
Materias:
Espanya -- Història
MARC
| LEADER | 00000nam a2200000Ia 4500 | ||
|---|---|---|---|
| 001 | 1281, 1282, 1283, 1284, 1285, 1286, 1287, 1288, 1289, 1290, 1580, 1581 | ||
| 008 | 160829s1982 - 1985 xx 000 0 cat d | ||
| 080 | |a H-1-132, H-1-133, H-1-134, H-1-135, H-1-136, H-1-137, H-1-138, H-1-139, H-1-140, H-1-141, H-1-142, H-1-143 | ||
| 245 | |a Historia de España / dirigida por el profesor Manuel Tuñon de Lara... | ||
| 260 | |a Barcelona : |b Labor, |c 1982 - 1985 | ||
| 300 | |a 12 v. ; |c 22 cm | ||
| 590 | |a Conté: v. 1: Introducción: las primeras culturas e Hispania Romana / por Manuel Tuñon de Lara, Miquel Tarradell, Julio Mangas; v. 2: Romanismo i Germanismo : el despertar de los pueblos hispánicos (siglos IV-V) / por Juan José Sayas Abengochea, Luis A. García Moreno; v. 3: España musulmana (siglos VIII-XV) / por Rachel Arié; v. 4: Feudalismo y consolidación de los pueblos hispánicos (siglos XI-XV) / por Julio Valdeón, José Mª Salrach, Javier Zabalo; v. 5: La frustración de un imperio (1476-1714) / por Jean-Paul Le Flem, Joseph Pérez, Jean-Marc Peloson, ... [et al]; v. 6: América hispánica (1492-1898) / por Guillermo Céspedes del Castillo; v. 7: Centralismo, ilustración y agonía del antiguo régimen (1715-1833) / por Emiliano Fernández de Pinedo, Alberto Gil Novales, Albert Dérozier; v. 8: Revolución burguesa, oligarquía y constitucionalismo (1834-1923) / por Gabriel Tortella Casares, Casimiro Martí y Martí, José Ma Jover Zamora; v. 9: La crisis del Estado : Dictadura, república, guerra (1923-1939) / por Pierre Malerbe, Manuel Tuñon de Lara, Mª Carmen García-Nieto, ... [et al]; v. 10: España bajo la dictadura franquista (1939-1975) / por José Antonio Biescas, Manuel Tuñon de Lara; v. 11: Textos y documentos de historia antigua, media y moderna hasta el siglo XVIII / seleccionados por Julio Mangas Manjarrés, Juan José Sayas Abengochea, Luis A. García Moreno, ... [et al]; v. 12: Textos y documentos de historia moderna y contemporánea (siglos XVIII-XX) / seleccionador por José Luis Gómez Urdáñez, Manuel Tuñon de Lara, José-Carlos Mainer, ... [et al] | ||
| 651 | 0 | |a Espanya |x Història |9 55573 | |
| 700 | |a Tuñón de Lara, Manuel |9 30263 | ||
| 901 | |a Arxiu | ||
| 942 | |n 1 | ||
| 952 | |0 0 |1 0 |4 0 |6 H1132_H1133_H1134_H1135_H1136_H1137_H1138_H1139_H1140_H1141_H1142_H1143 |7 1 |9 45353 |a Arxiu |b Arxiu |d 2016-12-01 |l 0 |o H-1-132, H-1-133, H-1-134, H-1-135, H-1-136, H-1-137, H-1-138, H-1-139, H-1-140, H-1-141, H-1-142, H-1-143 |p 1281, 1282, 1283, 12 |r 2016-12-01 00:00:00 |w 2016-12-01 |y ARXIU | ||
| 999 | |c 48427 |d 48427 | ||